000 00582cam a2200193 a 4500
020 _a3528023066 (v. 1)
020 _a3528023074 (v. 2)
020 _a3528023082 (v. 3)
040 _cDLC
082 0 0 _a333 BMZ 1995C166 Or.
245 0 0 _aEnvironmental handbook :
_bdocumentation on monitoring and evaluating environmental impacts /
260 _aBraunschweig :
_bVieweg,
_c1995.
300 _a3 v. :
_bill. ;
_c24 cm.
650 0 _aEnvironmental sciences
650 0 _aEnvironmental impact analysis
650 0 _aEnvironmental monitoring
710 1 _aGermany.
942 _cAEDBB
999 _c19358
_d19358